00947na a2200277 450000100060000000300080000600500170001400800410003102000180007204000250009004100080011508200230012310000210014624500840016724600380025126000540028930000190034344000530036249000270041550400290044265000330047165000480050465000500055265000290060274000380063123186MIRAKIL20181213155334.0181022b tu 000 0  a9786053991205 aMilasbturcTR-AnCHP aeng a330.122bY24t 2009 aYalman, Galip L. aTransition to neoliberalismbThe case of Turkey ın the 1980scGalip L. Yalman aThe case of Turkey ın the 1980s aİstanbulbİstanbul Bilgi Üniversitesic2009 a432 s.c23 sm. aİstanbul Bilgi Üniversitesi Yayınlarıv272 aPolıtıcal economyv1 aKaynakça ve dizin var. aDemokratikleşmexTürkiye aKüreselleşmexPolitik açızTürkiye aKüreselleşme xEkonomik açızTürkiye aNeoliberalizmxTürkiye aThe case of Turkey ın the 1980s